Programmer's guide to the presentation manager

Αποθηκεύτηκε σε:
Λεπτομέρειες βιβλιογραφικής εγγραφής
Κύριος συγγραφέας: Southerton, Alan
Μορφή: Βιβλίο
Γλώσσα:English
Δημοσίευση: Reading, Mass. : Addison-Wesley, 1989.
Θέματα:
Ετικέτες: Προσθήκη ετικέτας
Δεν υπάρχουν, Καταχωρήστε ετικέτα πρώτοι!

MARC

LEADER 00000cam a2200000 i 4500
001 1/38960
008 971003s1989 mau| ||| |||| ||eng||
020 |a 0201194406 
035 |l 10040892 
035 |a 1997  |c Δωρεά Τζαφέρη 
040 |a GR-MyUa  |b gre  |e AACR2 
041 0 |a eng 
082 7 |2 (22) 
100 1 |a Southerton, Alan. 
245 1 0 |a Programmer's guide to the presentation manager /   |c by Alan Southerton. 
260 |a Reading, Mass. :   |b Addison-Wesley,   |c 1989. 
300 |a xvii, 754 σ. :   |b εικ. ;   |c 24 εκ. 
500 |a Περιλαμβάνει ευρετήριο. 
630 0 0 |a Presentation manager. 
630 0 0 |a OS/2 (Computer file) 
852 |a INST  |b SAMOS  |e 19971003  |h 005.4469 SOU  |p 005300008799  |q 005300008799  |t BK  |y 0 
901 |a BIBL-1997-2